Cricket: Best 50 to 100 Conversion Rates in Tests - Statistics

General Stats
  • This quiz has been taken 40 times
  • The average score is 12 of 20
Answer Stats
Country Years 50s 100s % Answer % Correct
AUS 1928-1948 13 29 69.05 Sir Donald Bradman
97%
IND 2011-2021* 27 27 50.00 Virat Kohli
88%
WI 1954-1974 30 26 46.43 Sir Garfield Sobers
82%
AUS 2010-2021* 31 27 46.55 Steve Smith
79%
AUS 1994-2009 29 30 50.85 Matthew Hayden
76%
AUS 2004-2015 27 28 50.91 Michael Clarke
73%
PAK 2000-2017 33 34 50.75 Younis Khan
73%
AUS 2011-2021* 30 24 44.44 David Warner
64%
SA 1995-2013 58 45 43.69 Jacques Kallis
64%
IND 1985-2000 21 22 51.16 Mohammad Azharuddin
55%
NZ 1982-1995 18 17 48.75 Martin Crowe
52%
AUS 1970-1984 31 24 43.64 Greg Chappell
48%
ENG 1999-2008 18 18 50.00 Michael Vaughan
48%
ENG 2004-2012 27 21 43.75 Sir Andrew Strauss
48%
ENG 1927-1947 24 22 47.83 Wally Hammond
45%
SL 1984-2002 22 20 47.62 Aravinda de Silva
39%
WI 1948-1960 14 15 51.72 Sir Clyde Walcott
36%
WI 1948-1958 19 15 44.12 Sir Everton Weekes
36%
SL 1990-2007 17 16 48.48 Marvan Atapattu
30%
AUS 1948-1963 24 21 46.67 Neil Harvey
21%
No matching quizzes found
Score Distribution
Percent of People with Each Score
Percentile by Number Answered
Your Score History
You have not taken this quiz